| 000 | 00461pab a2200157 454500 | ||
|---|---|---|---|
| 008 | 180718b1998 xxu||||| |||| 00| 0 eng d | ||
| 100 | _aKhuanga, Rev | ||
| 245 | _aRelevance of customary law and justice in the changing socio-economic context of Mizoram | ||
| 260 | _c1998 | ||
| 300 | _ap.31-37. | ||
| 650 | _aLaw-India - Mizoram | ||
| 650 | _aCustomary law - India - Mizoram | ||
| 650 | _aCustomary law | ||
| 773 | _aAdministrative Review | ||
| 909 | _a55002 | ||
| 999 |
_c55002 _d55002 |
||